000 00363nam a22001217a 4500
999 _c10289
_d10289
003 OSt
008 201212b ||||| |||| 00| 0 eng d
245 _aIndian Journal of Industrial Relations
250 _a2012(Jul Vol.48 No.1) 2013(Jan Vol.48 No.3, Apr Vol.48 No.4)
260 _aNew Delhi
_bShri Ram Centre
650 _aMechanical Engineering
942 _2ddc
_cBV